000 01334nac a22003977a 4500
001 BR6001870
003 BR-BrBNA
005 20240105113021.0
008 230509b bl.|||m| |||| 00| 0 por d
040 _aBR-BrBNA
_bpor
_cBiblioteca Nacional de Agricultura
072 _aF00; E15
090 _aF00 BR6001870
110 1 _aSuperintendencia do Desenvolvimento do Nordeste, Recife, PE (Brasil)
245 1 _aPesquisa de atividades principais dos municipios nos estados de: Maranhao, Piaui, Ceara, Rio Grande do Norte, Paraiba, Pernambuco, Alagoas, Sergipe e Bahia. Analise comparativa para a area da SUDENE 1966/67. [Superintendencia do Desenvolvimento do Nordeste, Brasil]
250 1 _a2. ed.
260 3 _aRecife, PE (Brasil):
_c1971.
300 _a128 p.
490 _aBrasil. SUDENE. Desenvolvimento Economico (Brazil)
_vno. 10
_x
500 _a142 illus.
650 _aPREVISAO DE SAFRA
650 _aCALENDARIO AGRICOLA
650 _aFINANCIAMENTO
650 _aZONEAMENTO AGRICOLA
650 _aTRANSPORTE
650 _aMARANHAO
650 _aPIAUI
650 _aCEARA
650 _aRIO GRANDE DO NORTE
650 _aPARAIBA
650 _aPERNAMBUCO
650 _aALAGOAS
650 _aSERGIPE
650 _aBAHIA
909 _a202312
_bLúcia Elande
_c55
_dLúcia Elande
942 _2AGRIS
_n0
_cMS
999 _c261428
_d261428